Statistics for Taylor Swift - A Perfectly Good Heart Lyrics

Click here to take the quiz!

General Stats

  • This quiz has been taken 42 times
  • The average score is 202 of 223

Answer Stats

Answer% Correct
A
100%
And
100%
and
100%
break
100%
break-
100%
good
100%
heart?
100%
I
100%
it
100%
It
100%
perfectly
100%
take
100%
wanna
100%
Why
100%
would
100%
you
100%
all
94%
apart
94%
first
94%
love
94%
make
94%
No
94%
Our
94%
scar?
94%
tear
94%
the
94%
The
94%
very
94%
now?
88%
be
81%
on
81%
your
81%
back
69%
before?
69%
by
69%
do
69%
How
69%
in
69%
It's
69%
me
69%
not
69%
one
69%
say
69%
signs
69%
was
69%
way
69%
anymore
63%
but
63%
can't
63%
eyes
63%
get
63%
matter
63%
Mm
63%
realized
63%
That
63%
that
63%
to
63%
wall
63%
what
63%
writing
63%
away
56%
believe
56%
distance
56%
don't
56%
read
56%
seen
56%
sense
56%
Should've
56%
should've
56%
still
56%
walk
56%
Maybe
50%
unbroken
50%
fall
44%
hm
44%

Score Distribution

Percentile by Number Answered

Percent of People with Each Score

Your Score History

You have not taken this quiz